| 000 | 00355nam a22001337a 4500 | ||
|---|---|---|---|
| 005 | 20260319103320.0 | ||
| 008 | 260319b |||||||| |||| 00| 0 eng d | ||
| 040 | _cFLL | ||
| 041 |
_2eng _aeng |
||
| 100 |
_aKumar, Gaurav _91132509 |
||
| 245 |
_aRight to Privacy _bA Constitutional Protection |
||
| 260 |
_aDU _bFaculty of Law _c2023 |
||
| 942 |
_2CC _cDIS |
||
| 999 |
_c1715731 _d1715731 |
||